000
00250nam a22001217a 4500
008
170808b xxu||||| |||| 00| 0 eng d
041
_a
eng
080
_a
004
100
_a
35
101
_a
SHKI
245
_a
REVEALED
_c
BOTELLO, CH
942
_2
udc
_c
BK
999
_c
22920
_d
22920